Pokémons en quelques mots #1 - Statistiques

Statistiques générales
  • Ce quiz a été pris 86 fois
  • Le résultat moyen est 9 sur 15
Statistiques - réponses
Indices Pokémons % Correct
Mascotte, Éclair, Sacha Pikachu
100%
Chromatique rouge, Serpent géant, Lac Colère Léviator
87%
Électricité, Changement de formes, Plasma Motisma
77%
Clés, Bouche en forme de serrure, Gris Trousselin
73%
Ruban blanc et rose, Quatre pattes, Évolition Nymphali
71%
Football, Starter, Enflammé Pyrobut
71%
Légendaire, Quatre pattes, Vit dans les zones volcaniques Heatran
70%
1er stade d'évolution, Poutre en acier, Gros nez rouge Ouvrifier
57%
Fourrure blanche, Pendule, Debout sur deux jambes Hypnomade
50%
Petit, Bleu, Queue avec un oeil Okéoké
50%
Violet, Mains détachées du corps, Grand sourire Spectrum
50%
Aye-Aye, Doigts colorés, 9G Tag-Tag
49%
Oiseau, Ailes qui ressemblent à des bras, Tour de Cuivre Lugia
47%
Noir et blanc, Feuille verte dans sa bouche, Animal Pandespiègle
44%
Orange, Dents pointues, Petit Kraknoix
11%
Aucun quiz correspondant
Distribution des résultats
% des personnes avec chaque résultat
Percentile par nombre de réponses
Votre historique - résultats
Vous n’avez pas pris ce quiz